000 00690cam a2200205 a 4500
001 12583051
005 20250728171452.0
008 011107r20001996miu bd 001 0 eng
020 _a0801022568
020 _a9780801022562
050 0 0 _aBS440
_b.E78 2000
082 0 0 _a230/.041/03
_221
245 1 0 _aBaker theological dictionary of the Bible /
_cWalter A. Elwell, editor.
260 _aGrand Rapids, Mich. :
_bBaker Books,
_c2000.
300 _ax, 933 p. ;
_c26 cm.
500 _aPreviously published as: Evangelical dictionary of biblical theology (Baker, 1996), in series: Baker reference library.
650 0 _aEvangelicalism.
700 1 _aElwell, Walter A.
942 _2lcc
_cREF
_n0
999 _c7202
_d7202